ELECTRICAL OF ELECTRONICS, FOR PHYSICAL SCIENTISTS (Record no. 573870)

000 -LEADER
fixed length control field 00328nam a22001337a 4500
020 ## - INTERNATIONAL STANDARD BOOK NUMBER
International Standard Book Number 0-333-40896-9
082 ## - DEWEY DECIMAL CLASSIFICATION NUMBER
Classification number 621.381 HAV'E
100 ## - MAIN ENTRY--PERSONAL NAME
Personal name WALTON, A. K, HAVILL, R. L
9 (RLIN) 65748
245 ## - TITLE STATEMENT
Title ELECTRICAL OF ELECTRONICS, FOR PHYSICAL SCIENTISTS
250 ## - EDITION STATEMENT
Edition statement 2N
260 ## - PUBLICATION, DISTRIBUTION, ETC.
Place of publication, distribution, etc. LONDON
Name of publisher, distributor, etc. ELBS
Date of publication, distribution, etc. 1985
300 ## - PHYSICAL DESCRIPTION
Extent 464P
942 ## - ADDED ENTRY ELEMENTS (KOHA)
Koha item type Book
Holdings
Withdrawn status Lost status Damaged status Not for loan Permanent Location Current Location Shelving location Date acquired Total Checkouts Full call number Barcode Date last seen Price effective from Koha item type
        College of Electrical & Mechanical Engineering (CEME) College of Electrical & Mechanical Engineering (CEME) General Stacks 07/28/2017   621.381 HAV'E CEME-22424 06/28/2021 06/28/2021 Book
© 2023 Central Library, National University of Sciences and Technology. All Rights Reserved.